| Tag |
First Indicator |
Second Indicator |
Subfields |
| LEADER |
00000cgm a2200000 i 4500 |
| 001 |
in00003586621 |
| 006 |
m o c |
| 007 |
vz uzazuu |
| 007 |
cr una---unuuu |
| 008 |
150521p20152007cau026 o vleng d |
| 005 |
20260324181120.8 |
| 028 |
5 |
2 |
|a 1042454
|b Kanopy
|
| 035 |
|
|
|a (OCoLC)914219888
|
| 035 |
|
|
|a (CaSfKAN)kan1042454
|
| 040 |
|
|
|a UtOrBLW
|b eng
|e rda
|c UtOrBLW
|d UtOrBLW
|
| 245 |
0 |
0 |
|a Destiny in Alice [from the CAAMA Collection].
|
| 264 |
|
1 |
|a [San Francisco, California, USA] :
|b Kanopy Streaming,
|c 2015.
|
| 300 |
|
|
|a 1 online resource (1 video file, approximately 27 minutes) :
|b digital, .flv file, sound
|
| 336 |
|
|
|a two-dimensional moving image
|b tdi
|2 rdacontent
|
| 337 |
|
|
|a computer
|b c
|2 rdamedia
|
| 338 |
|
|
|a online resource
|b cr
|2 rdacarrier
|
| 344 |
|
|
|a digital
|
| 347 |
|
|
|a video file
|b MPEG-4
|b Flash
|
| 500 |
|
|
|a Title from title frames.
|
| 518 |
|
|
|a Originally produced by Ronin Films in 2007.
|
| 520 |
|
|
|a In the heart of central Australia, the town of Alice Springs has become something of a haven for Lesbians – a place where black and white women mix and mingle, confronting the challenges of loving across racial and cultural gaps. In a delightful parody of a famed TV naturalist, Destiny Attenborough (played by filmmaker Trisha Morton-Thomas) guides us through the habitat and customs of the women who love women in Alice Springs. The origins of the community are traced back to the women’s movement against the American base at Pine Gap near Alice Springs in the early 1980s. Three Aboriginal Lesbians provide insight into the complexities of their relationships with other women and with their families. Satirical and funny, this revealing documentary asks the question: is it hard to sustain love when racial and cultural differences seem insurmountable?
|
| 538 |
|
|
|a Mode of access: World Wide Web.
|
| 650 |
|
0 |
|a Lesbians
|z Australia
|z Alice Springs (N.T.)
|
| 650 |
|
0 |
|a Alice springs
|x Social life and customs.
|
| 655 |
|
7 |
|a Internet videos.
|2 lcgft
|0 http://id.loc.gov/authorities/genreForms/gf2011026337
|
| 655 |
|
7 |
|a Nonfiction films.
|2 lcgft
|0 http://id.loc.gov/authorities/genreForms/gf2011026423
|
| 655 |
|
7 |
|a Documentary television programs.
|2 lcgft
|0 http://id.loc.gov/authorities/genreForms/gf2011026207
|
| 700 |
1 |
|
|a Dare, Sonja,
|e film director.
|
| 700 |
1 |
|
|a Bradley, James,
|e producer.
|0 http://id.loc.gov/authorities/names/n84009905
|
| 710 |
2 |
|
|a Kanopy (Firm)
|0 http://id.loc.gov/authorities/names/no2014091415
|
| 856 |
4 |
0 |
|u http://proxy.library.tamu.edu/login?url=https://texasam.kanopystreaming.com/node/42455
|z Connect to this streaming video
|t 0
|
| 999 |
f |
f |
|s 51cdf6f8-7bbd-351f-81ed-fd349e85dc08
|i e7ae9ec3-01d4-352a-ae3e-57f8db319790
|t 0
|
| 952 |
f |
f |
|a Texas A&M University
|b College Station
|c Electronic Resources
|s www_evans
|d Available Online
|t 0
|h No information provided
|
| 998 |
f |
f |
|t 0
|l Available Online
|